000 00593nam a2200241 a 4500
001 nice12345678
003 IN_TiNIC
005 20260116015339.0
008 100205s1963 lona grp 000 0 eng
020 _a
_c250
082 0 0 _a270
_bROP1
100 _aRops, Daniel H
245 _aChurch in the Seventeenth Century
260 _aLondon
_bJ.M.Dent&sons Ltd.,
_c1963
300 _a466p
500 _aincludes index and biblioraphy
505 2 _aBibliography,Index
650 _aChurch-History
700 1 _aRops, Daniel H
902 _bSRS
942 _cBK
999 _c19328
_d19328